Rast konkurencieschopnosti ako súčasť rozvojovej stratégie slovenskej ekonomiky po vstupe do EÚ

Vplyv exogénnych faktorov na slovenskú ekonomiku v oblasti ekonomického rastu. Konkurencieschopnosť a jej rast ako predpoklad úspešnosti slovenskej ekonomiky SR. Postavenie štátu pri presadzovaní zahraničnoobchodnej politiky SR po vstupe do EÚ.

Salvato in:
Dettagli Bibliografici
Autore principale: Baláž, Peter
Altri autori: Francl, Ľudovít
Natura: Capitolo di libro
Lingua:slovacco
Soggetti:
Tags: Aggiungi Tag
Nessun Tag, puoi essere il primo ad aggiungerne!!

MARC

LEADER 00000naa$a2200000$$$4500
001 0051040
005 20240711093022.2
041 0 |a slo 
044 |a SK 
245 1 0 |a Rast konkurencieschopnosti ako súčasť rozvojovej stratégie slovenskej ekonomiky po vstupe do EÚ 
520 |a Vplyv exogénnych faktorov na slovenskú ekonomiku v oblasti ekonomického rastu. Konkurencieschopnosť a jej rast ako predpoklad úspešnosti slovenskej ekonomiky SR. Postavenie štátu pri presadzovaní zahraničnoobchodnej politiky SR po vstupe do EÚ. 
610 2 0 |a konkurencieschopnosť 
610 2 0 |a Slovensko 
610 2 0 |a Európska únia 
610 2 0 |a politika zahraničnoobchodná 
610 2 0 |a rast hospodársky 
610 2 0 |a stratégia hospodárska 
610 2 0 |a spolupráca hospodárska medzinárodná 
610 2 0 |a integrácia ekonomická medzinárodná 
100 1 |a Baláž, Peter 
700 1 |a Francl, Ľudovít